[Event "EYCC 2024 - O14"]
[Site "?"]
[Date "2024.08.23"]
[Round "2.1"]
[White "Gorkov, Kirill"]
[Black "Vassis, Michail"]
[Result "1-0"]
[BlackElo "2186"]
[WhiteElo "1995"]
[LiveChessVersion "1.4.8"]

1. d4 {[%clk 1:30:58]} Nf6 {[%clk 1:30:37]} 2. Nc3 {[%clk 1:31:18]} d5
{[%clk 1:29:25]} 3. Bf4 {[%clk 1:31:38]} e6 {[%clk 1:26:58]} 4. e3
{[%clk 1:31:55]} Bd6 {[%clk 1:25:05]} 5. Nf3 {[%clk 1:31:55]} Qe7
{[%clk 1:04:04]} 6. Bd3 {[%clk 1:25:32]} Bxf4 {[%clk 1:04:04]} 7. exf4
{[%clk 1:25:52]} c5 {[%clk 1:04:21]} 8. O-O {[%clk 1:19:55]} cxd4
{[%clk 1:03:04]} 9. Nb5 {[%clk 1:18:31]} Nc6 {[%clk 1:01:29]} 10. a3
{[%clk 1:15:03]} O-O {[%clk 0:59:01]} 11. Nbxd4 {[%clk 1:14:30]} a5
{[%clk 0:57:25]} 12. Re1 {[%clk 1:07:40]} g6 {[%clk 0:53:09]} 13. c3
{[%clk 1:03:53]} Bd7 {[%clk 0:51:16]} 14. Qd2 {[%clk 0:53:21]} Nxd4
{[%clk 0:48:36]} 15. Nxd4 {[%clk 0:53:21]} a4 {[%clk 0:47:14]} 16. Re5
{[%clk 0:46:30]} Ne8 {[%clk 0:41:22]} 17. f5 {[%clk 0:44:20]} Qf6
{[%clk 0:38:32]} 18. fxe6 {[%clk 0:42:27]} fxe6 {[%clk 0:38:12]} 19. Rae1
{[%clk 0:42:08]} Ng7 {[%clk 0:33:24]} 20. Bb5 {[%clk 0:40:36]} Bxb5
{[%clk 0:30:19]} 21. Nxb5 {[%clk 0:40:51]} Ra6 {[%clk 0:30:21]} 22. Qe2
{[%clk 0:33:54]} Qd8 {[%clk 0:26:51]} 23. Nd4 {[%clk 0:32:30]} Rf6
{[%clk 0:27:03]} 24. g4 {[%clk 0:30:59]} h6 {[%clk 0:23:46]} 25. Kg2
{[%clk 0:26:59]} g5 {[%clk 0:23:54]} 26. f3 {[%clk 0:26:57]} Rb6 {[%clk 0:23:54]}
27. Rh1 {[%clk 0:26:16]} Rg6 {[%clk 0:23:36]} 28. Rc1 {[%clk 0:21:24]} Qd6
{[%clk 0:22:30]} 29. Re1 {[%clk 0:19:36]} Rf6 {[%clk 0:21:54]} 30. Qc2
{[%clk 0:18:30]} Qd7 {[%clk 0:21:29]} 31. R1e2 {[%clk 0:18:21]} Rd6
{[%clk 0:21:19]} 32. Qd1 {[%clk 0:16:00]} Rb6 {[%clk 0:20:18]} 33. Qe1
{[%clk 0:14:48]} Qd6 {[%clk 0:18:35]} 34. h4 {[%clk 0:13:08]} gxh4
{[%clk 0:18:35]} 35. Qxh4 {[%clk 0:13:18]} Rg6 {[%clk 0:18:55]} 36. f4
{[%clk 0:12:43]} Qf8 {[%clk 0:18:39]} 37. Kf3 {[%clk 0:10:51]} Rd6
{[%clk 0:18:13]} 38. Ke3 {[%clk 0:09:52]} Rd7 {[%clk 0:17:15]} 39. Rf2
{[%clk 0:09:58]} Rf7 {[%clk 0:17:26]} 40. f5 {[%clk 0:07:55]} exf5
{[%clk 0:15:54]} 41. gxf5 {[%clk 0:08:07]} Qd6 {[%clk 0:15:02]} 42. Rxd5
{[%clk 0:06:32]} Qxd5 {[%clk 0:04:49]} 43. fxg6 {[%clk 0:06:54]} Qe5+
{[%clk 0:03:02]} 44. Kd3 {[%clk 0:07:01]} Rxf2 {[%clk 0:03:11]} 45. Qxf2
{[%clk 0:07:20]} Qe8 {[%clk 0:03:23]} 46. Qf6 {[%clk 0:07:20]} Qd7
{[%clk 0:02:07]} 47. Kc4 {[%clk 0:06:40]} Qc7+ {[%clk 0:00:41]} 48. Kb4
{[%clk 0:06:49]} h5 {[%clk 0:00:37]} 49. Kxa4 {[%clk 0:06:12]} Ne8
{[%clk 0:00:35]} 50. Qe6+ {[%clk 0:06:22]} Kf8 {[%clk 0:01:04]} 51. Qf5+
{[%clk 0:05:57]} Kg8 {[%clk 0:01:15]} 52. Qd5+ {[%clk 0:06:04]} Kh8
{[%clk 0:01:35]} 53. Qxh5+ {[%clk 0:06:21]} Kg8 {[%clk 0:02:04]} 54. Qh7+
{[%clk 0:06:08]} Qxh7 {[%clk 0:02:29]} 55. gxh7+ {[%clk 0:06:34]} Kxh7
{[%clk 0:02:51]} 56. Kb5 {[%clk 0:06:17]} Nd6+ {[%clk 0:03:14]} 57. Kc5
{[%clk 0:06:25]} Ne4+ {[%clk 0:02:38]} 58. Kb6 {[%clk 0:06:35]} Kg6
{[%clk 0:03:05]} 59. Kxb7 {[%clk 0:06:41]} Nc5+ {[%clk 0:03:22]} 60. Kc6
{[%clk 0:06:58]} Na4 {[%clk 0:03:49]} 61. b4 {[%clk 0:06:53]} Nb2
{[%clk 0:03:39]} 62. b5 {[%clk 0:07:13]} Nc4 {[%clk 0:04:05]} 63. b6
{[%clk 0:07:28]} Na5+ {[%clk 0:04:29]} 64. Kc7 {[%clk 0:07:52]} 1-0

[Event "EYCC 2024 - O14"]
[Site "?"]
[Date "2024.08.23"]
[Round "2.2"]
[White "Groenewoud, Joel"]
[Black "Kulich, Filip"]
[Result "0-1"]
[BlackElo "1965"]
[WhiteElo "2157"]
[LiveChessVersion "1.4.8"]

1. e4 {[%clk 1:30:57]} c5 {[%clk 1:30:37]} 2. Nf3 {[%clk 1:31:13]} Nc6
{[%clk 1:30:09]} 3. d4 {[%clk 1:31:20]} cxd4 {[%clk 1:28:38]} 4. Nxd4
{[%clk 1:31:38]} Nf6 {[%clk 1:28:51]} 5. Nc3 {[%clk 1:31:46]} e5 {[%clk 1:28:58]}
6. Ndb5 {[%clk 1:31:20]} d6 {[%clk 1:26:15]} 7. Nd5 {[%clk 1:30:37]} Nxd5
{[%clk 1:26:01]} 8. exd5 {[%clk 1:30:55]} Nb8 {[%clk 1:26:12]} 9. c4
{[%clk 1:29:54]} Be7 {[%clk 1:24:57]} 10. Be2 {[%clk 1:29:42]} O-O
{[%clk 1:24:21]} 11. O-O {[%clk 1:29:50]} Nd7 {[%clk 1:24:19]} 12. Be3
{[%clk 1:22:41]} a6 {[%clk 1:23:29]} 13. Nc3 {[%clk 1:22:22]} f5 14. f3
{[%clk 1:20:14]} Bg5 {[%clk 1:18:54]} 15. Bf2 {[%clk 1:17:08]} Qf6
{[%clk 1:15:35]} 16. b4 {[%clk 1:08:43]} Qh6 {[%clk 1:11:37]} 17. Qd3
{[%clk 0:54:23]} b6 {[%clk 0:58:02]} 18. Na4 {[%clk 0:45:23]} Rb8
{[%clk 0:54:14]} 19. c5 {[%clk 0:39:53]} bxc5 {[%clk 0:37:55]} 20. bxc5
{[%clk 0:40:07]} Rb4 21. Qa3 {[%clk 0:32:11]} a5 {[%clk 0:31:16]} 22. c6
{[%clk 0:24:10]} Nf6 {[%clk 0:30:54]} 23. Nb6 {[%clk 0:21:58]} e4
{[%clk 0:26:46]} 24. Qxa5 {[%clk 0:12:59]} Rb2 {[%clk 0:25:42]} 25. Nxc8
{[%clk 0:05:37]} Rxe2 {[%clk 0:25:41]} 26. Ne7+ {[%clk 0:05:24]} Kh8
{[%clk 0:26:06]} 27. Nxf5 {[%clk 0:04:20]} Qg6 {[%clk 0:26:10]} 28. Nd4
{[%clk 0:02:41]} Rxf2 {[%clk 0:22:11]} 29. Kxf2 {[%clk 0:00:48]} Ng4+ 30. Ke2
{[%clk 0:00:34]} exf3+ {[%clk 0:20:41]} 31. gxf3 {[%clk 0:00:39]} Re8+
{[%clk 0:20:49]} 32. Kd1 {[%clk 0:00:32]} Qd3+ {[%clk 0:21:14]} 33. Qd2
{[%clk 0:00:52]} Qxd2# {[%clk 0:21:39]} 0-1

[Event "EYCC 2024 - O14"]
[Site "?"]
[Date "2024.08.23"]
[Round "2.3"]
[White "Horvath, Andras"]
[Black "Zander, Emil"]
[Result "1/2-1/2"]
[BlackElo "2152"]
[WhiteElo "1966"]
[LiveChessVersion "1.4.8"]

1. e4 {[%clk 1:30:53]} c5 {[%clk 1:30:48]} 2. Nf3 {[%clk 1:31:18]} d6
{[%clk 1:31:10]} 3. d4 {[%clk 1:31:44]} cxd4 {[%clk 1:31:35]} 4. Nxd4
{[%clk 1:32:03]} Nf6 {[%clk 1:31:59]} 5. Nc3 {[%clk 1:32:15]} a6 {[%clk 1:32:23]}
6. h3 {[%clk 1:32:23]} e5 {[%clk 1:32:43]} 7. Nde2 {[%clk 1:32:43]} h5
{[%clk 1:33:03]} 8. Bg5 {[%clk 1:33:04]} Be7 {[%clk 1:33:23]} 9. Bxf6
{[%clk 1:14:28]} Bxf6 {[%clk 1:32:17]} 10. Nd5 {[%clk 1:14:35]} Be6
{[%clk 1:28:52]} 11. Nec3 {[%clk 1:14:18]} Nd7 {[%clk 1:29:08]} 12. Be2
{[%clk 1:07:51]} g6 {[%clk 1:27:12]} 13. Qd3 {[%clk 1:05:02]} Bg5
{[%clk 1:21:47]} 14. Qg3 {[%clk 0:55:46]} Rc8 {[%clk 1:17:17]} 15. O-O
{[%clk 0:53:36]} Bxd5 {[%clk 1:15:55]} 16. exd5 {[%clk 0:52:10]} h4
{[%clk 1:13:02]} 17. Qf3 {[%clk 0:46:33]} f5 {[%clk 1:10:47]} 18. g4
{[%clk 0:36:45]} hxg3 {[%clk 1:07:02]} 19. Qxg3 {[%clk 0:36:42]} Kf7
{[%clk 1:06:43]} 20. Bf3 {[%clk 0:32:28]} Bf4 {[%clk 1:03:38]} 21. Qg2
{[%clk 0:32:13]} e4 {[%clk 1:00:05]} 22. Be2 {[%clk 0:30:42]} Qb6
{[%clk 0:57:04]} 23. Nxe4 {[%clk 0:25:56]} fxe4 {[%clk 0:54:15]} 24. Qg4
{[%clk 0:26:05]} Nf6 {[%clk 0:50:25]} 25. Qe6+ {[%clk 0:24:46]} Kg7
{[%clk 0:49:20]} 26. Qe7+ {[%clk 0:25:09]} Kh6 {[%clk 0:49:27]} 27. Qxf6
{[%clk 0:24:34]} Rcf8 {[%clk 0:49:03]} 28. Qc3 {[%clk 0:17:42]} e3
{[%clk 0:47:30]} 29. fxe3 {[%clk 0:17:06]} Bxe3+ {[%clk 0:40:10]} 30. Kg2
{[%clk 0:17:09]} Qd4 {[%clk 0:38:01]} 31. Qxd4 {[%clk 0:17:02]} Bxd4
{[%clk 0:38:29]} 32. c3 {[%clk 0:16:59]} Be5 {[%clk 0:38:31]} 33. Bg4
{[%clk 0:16:02]} Kg5 {[%clk 0:37:32]} 34. Be6 {[%clk 0:14:14]} b6
{[%clk 0:35:12]} 35. Rad1 {[%clk 0:12:36]} Rf6 {[%clk 0:35:01]} 36. Rxf6
{[%clk 0:12:48]} Bxf6 {[%clk 0:35:25]} 37. Kf3 {[%clk 0:12:33]} Rf8
{[%clk 0:35:24]} 38. Rg1+ {[%clk 0:12:41]} Kh6 {[%clk 0:35:49]} 39. Ke2
{[%clk 0:12:21]} Be5 {[%clk 0:33:22]} 40. Rg4 {[%clk 0:09:59]} Kg7
{[%clk 0:30:00]} 41. Rb4 {[%clk 0:07:51]} Rb8 {[%clk 0:29:59]} 42. a4
{[%clk 0:07:43]} a5 {[%clk 0:29:42]} 43. Rb5 {[%clk 0:07:15]} Kf8
{[%clk 0:29:51]} 44. Kd3 {[%clk 0:06:55]} Ke7 {[%clk 0:30:16]} 45. b4
{[%clk 0:07:10]} axb4 {[%clk 0:30:40]} 46. cxb4 {[%clk 0:07:05]} Kd8
{[%clk 0:30:39]} 47. a5 {[%clk 0:07:18]} Kc7 {[%clk 0:30:46]} 48. axb6+
{[%clk 0:07:11]} Rxb6 {[%clk 0:31:10]} 49. Kc4 {[%clk 0:07:26]} Rxb5
{[%clk 0:31:19]} 50. Kxb5 g5 {[%clk 0:31:34]} 51. Ka6 {[%clk 0:07:55]} Bc3
{[%clk 0:31:56]} 52. Kb5 {[%clk 0:07:59]} 1/2-1/2

[Event "EYCC 2024 - O14"]
[Site "?"]
[Date "2024.08.23"]
[Round "2.4"]
[White "Merkouropoulos, Dionysios"]
[Black "Torosyan, Volodya"]
[Result "0-1"]
[BlackElo "2148"]
[WhiteElo "1963"]
[LiveChessVersion "1.4.8"]

1. d4 {[%clk 1:30:46]} d5 {[%clk 1:30:46]} 2. c4 {[%clk 1:30:45]} e6
{[%clk 1:31:12]} 3. Nc3 {[%clk 1:31:05]} Be7 {[%clk 1:31:29]} 4. cxd5
{[%clk 1:30:53]} exd5 {[%clk 1:31:54]} 5. Bf4 {[%clk 1:30:56]} Nf6
{[%clk 1:31:51]} 6. e3 {[%clk 1:30:39]} O-O {[%clk 1:31:45]} 7. Bd3
{[%clk 1:30:23]} c5 {[%clk 1:31:04]} 8. Nf3 {[%clk 1:24:40]} c4 {[%clk 1:28:09]}
9. Bc2 {[%clk 1:24:36]} Nc6 {[%clk 1:28:03]} 10. h3 {[%clk 1:22:21]} a6
{[%clk 1:27:01]} 11. Ne5 {[%clk 1:18:24]} Be6 {[%clk 1:23:43]} 12. O-O
{[%clk 1:15:44]} Rc8 {[%clk 1:20:51]} 13. Bh2 {[%clk 1:09:32]} b5
{[%clk 1:17:44]} 14. f4 {[%clk 1:08:31]} Bd6 {[%clk 1:13:59]} 15. Qf3
{[%clk 1:05:17]} b4 {[%clk 1:10:12]} 16. Ne2 {[%clk 1:04:33]} b3 {[%clk 1:04:35]}
17. axb3 {[%clk 1:02:02]} Nb4 {[%clk 0:58:26]} 18. Bb1 {[%clk 0:59:43]} cxb3
{[%clk 0:57:56]} 19. Nc3 {[%clk 0:58:03]} Qb6 {[%clk 0:50:53]} 20. Rc1
{[%clk 0:54:14]} Nc2 {[%clk 0:43:12]} 21. Bxc2 {[%clk 0:52:47]} bxc2
{[%clk 0:43:24]} 22. Rxc2 {[%clk 0:50:18]} Bf5 {[%clk 0:37:30]} 23. Re2
{[%clk 0:48:31]} Qb7 {[%clk 0:34:00]} 24. g4 {[%clk 0:41:58]} Be4
{[%clk 0:33:35]} 25. Qf2 {[%clk 0:40:33]} Bxe5 {[%clk 0:25:35]} 26. dxe5
{[%clk 0:35:55]} Nd7 {[%clk 0:25:49]} 27. f5 {[%clk 0:35:09]} Nc5
{[%clk 0:20:58]} 28. f6 {[%clk 0:30:23]} Ne6 {[%clk 0:19:16]} 29. Rd2
{[%clk 0:29:04]} Ng5 {[%clk 0:17:04]} 30. Kf1 {[%clk 0:29:30]} Nf3
{[%clk 0:17:14]} 31. Re2 {[%clk 0:25:55]} Rc6 {[%clk 0:11:10]} 32. fxg7
{[%clk 0:20:51]} Rfc8 {[%clk 0:11:39]} 33. Bf4 {[%clk 0:20:33]} Qb3
{[%clk 0:07:07]} 34. Qg3 {[%clk 0:18:43]} Bd3 {[%clk 0:04:49]} 35. Nd1
{[%clk 0:09:40]} Rc1 {[%clk 0:02:01]} 0-1

[Event "EYCC 2024 - O14"]
[Site "?"]
[Date "2024.08.23"]
[Round "2.5"]
[White "Grooten, Tommy"]
[Black "Popov, Roman"]
[Result "1-0"]
[BlackElo "1962"]
[WhiteElo "2146"]
[LiveChessVersion "1.4.8"]

1. d4 {[%clk 1:30:28]} d5 {[%clk 1:30:46]} 2. c4 {[%clk 1:30:50]} c5
{[%clk 1:30:44]} 3. Nc3 {[%clk 1:25:55]} Nf6 {[%clk 1:30:29]} 4. e3
{[%clk 1:12:45]} cxd4 {[%clk 1:28:35]} 5. exd4 {[%clk 1:11:29]} g6
{[%clk 1:28:01]} 6. Nf3 {[%clk 1:10:22]} Bg7 {[%clk 1:28:02]} 7. Be2
{[%clk 1:09:08]} dxc4 {[%clk 1:25:17]} 8. Bxc4 {[%clk 1:07:24]} O-O
{[%clk 1:25:06]} 9. O-O {[%clk 1:06:37]} a6 {[%clk 1:21:38]} 10. a4
{[%clk 1:01:38]} Nbd7 {[%clk 1:07:49]} 11. Ba2 {[%clk 0:49:28]} Nb6
{[%clk 0:40:20]} 12. d5 {[%clk 0:46:59]} Bf5 {[%clk 0:36:25]} 13. Re1
{[%clk 0:43:26]} Rc8 {[%clk 0:35:05]} 14. h3 {[%clk 0:32:57]} Re8
{[%clk 0:26:02]} 15. Nd4 {[%clk 0:28:48]} Bd7 {[%clk 0:15:38]} 16. Bb3
{[%clk 0:19:31]} Nc4 {[%clk 0:14:17]} 17. Qd3 {[%clk 0:16:18]} Qc7
{[%clk 0:11:03]} 18. Re2 {[%clk 0:13:19]} Ne5 {[%clk 0:09:25]} 19. Qd1
{[%clk 0:13:02]} Rcd8 {[%clk 0:05:07]} 20. Rc2 {[%clk 0:12:05]} Bf5
{[%clk 0:01:32]} 21. Nxf5 {[%clk 0:12:17]} gxf5 {[%clk 0:01:54]} 22. Bf4
{[%clk 0:10:03]} Qb6 {[%clk 0:01:36]} 23. Rd2 {[%clk 0:09:33]} Ng6
{[%clk 0:01:43]} 24. a5 {[%clk 0:08:54]} Qc5 {[%clk 0:00:52]} 25. Be3
{[%clk 0:07:50]} Qd6 {[%clk 0:00:51]} 26. Bb6 {[%clk 0:07:52]} Rc8
{[%clk 0:01:14]} 27. Qf3 {[%clk 0:06:44]} Nd7 {[%clk 0:00:40]} 28. Na4
{[%clk 0:05:13]} Qf4 {[%clk 0:00:32]} 29. Qxf4 {[%clk 0:04:49]} Nxf4
{[%clk 0:01:01]} 30. Be3 {[%clk 0:04:45]} Ng6 {[%clk 0:01:09]} 31. Nb6
{[%clk 0:04:58]} Nxb6 {[%clk 0:00:36]} 32. Bxb6 {[%clk 0:05:27]} Ne5
{[%clk 0:00:42]} 33. Re1 {[%clk 0:04:20]} Kf8 {[%clk 0:00:37]} 34. Ba4
{[%clk 0:04:20]} Nc4 {[%clk 0:00:45]} 35. Rde2 {[%clk 0:04:39]} Nxb6
{[%clk 0:00:38]} 36. Bxe8 {[%clk 0:05:02]} Nxd5 {[%clk 0:00:35]} 37. Bd7
{[%clk 0:05:21]} Rc7 {[%clk 0:00:36]} 38. Bxf5 {[%clk 0:05:34]} h5
{[%clk 0:00:37]} 39. Rc2 {[%clk 0:05:08]} Rxc2 {[%clk 0:00:34]} 40. Bxc2
{[%clk 0:05:37]} Bxb2 {[%clk 0:00:37]} 41. Be4 {[%clk 0:05:54]} Nf6
{[%clk 0:00:34]} 42. Bxb7 {[%clk 0:06:10]} Bc3 {[%clk 0:00:59]} 43. Re2
{[%clk 0:06:13]} Bxa5 {[%clk 0:01:22]} 44. Bxa6 {[%clk 0:06:41]} Bb4
{[%clk 0:01:31]} 45. Bb7 {[%clk 0:06:26]} Bd6 {[%clk 0:01:44]} 46. Ra2
{[%clk 0:06:33]} Kg7 {[%clk 0:02:07]} 47. Bf3 {[%clk 0:06:48]} Kg6
{[%clk 0:02:26]} 48. h4 {[%clk 0:07:07]} Kh6 {[%clk 0:02:40]} 49. g3
{[%clk 0:07:31]} Kg6 {[%clk 0:02:17]} 50. Ra5 {[%clk 0:07:50]} Kh6
{[%clk 0:02:28]} 51. Kf1 {[%clk 0:08:00]} Bb4 {[%clk 0:02:19]} 52. Rb5
{[%clk 0:07:52]} Bd6 {[%clk 0:02:23]} 53. Ke2 {[%clk 0:08:14]} Kg6
{[%clk 0:02:45]} 54. Rg5+ {[%clk 0:08:33]} Kh6 {[%clk 0:03:09]} 55. Kd3 Ba3 56.
Kc4 {[%clk 0:07:14]} Bd6 {[%clk 0:02:43]} 57. Kd4 {[%clk 0:06:03]} Bb4
{[%clk 0:02:20]} 58. Ke3 {[%clk 0:05:41]} Ba3 {[%clk 0:02:39]} 59. Kd3 Bb4 60.
Ke2 {[%clk 0:05:45]} Ba3 {[%clk 0:02:48]} 61. Kf1 {[%clk 0:05:54]} Bd6
{[%clk 0:02:45]} 62. Bd1 {[%clk 0:06:12]} Bc7 {[%clk 0:01:54]} 63. Rf5
{[%clk 0:06:28]} Kg6 {[%clk 0:00:43]} 64. Bc2 {[%clk 0:06:53]} Kg7
{[%clk 0:00:39]} 65. Bb3 {[%clk 0:07:12]} e6 {[%clk 0:00:43]} 66. Rb5
{[%clk 0:07:32]} Bd6 {[%clk 0:00:58]} 67. Rb7 {[%clk 0:07:20]} Kg6
{[%clk 0:01:14]} 68. Bc2+ {[%clk 0:07:45]} Kg7 {[%clk 0:01:34]} 69. Rb5
{[%clk 0:08:04]} Kh6 {[%clk 0:01:07]} 70. Kg2 {[%clk 0:08:09]} Kg7
{[%clk 0:01:21]} 71. f3 {[%clk 0:08:00]} Nd5 {[%clk 0:00:52]} 72. Be4
{[%clk 0:07:34]} Nf6 {[%clk 0:00:54]} 73. Kh3 {[%clk 0:07:36]} Kh6
{[%clk 0:00:36]} 74. Bb7 {[%clk 0:07:53]} Ne8 {[%clk 0:00:32]} 75. Bc6
{[%clk 0:08:05]} Ng7 {[%clk 0:00:34]} 76. g4 {[%clk 0:08:19]} f6 {[%clk 0:00:35]}
77. Be4 {[%clk 0:07:39]} Bf4 {[%clk 0:00:42]} 78. Rc5 {[%clk 0:06:55]} Be3
{[%clk 0:00:44]} 79. Ra5 {[%clk 0:07:10]} Bf4 {[%clk 0:00:31]} 80. Rb5
{[%clk 0:07:19]} Be3 {[%clk 0:00:35]} 81. Kg3 {[%clk 0:07:37]} Bd2
{[%clk 0:00:41]} 82. Kh3 {[%clk 0:07:39]} Bf4 {[%clk 0:01:02]} 83. Ra5
{[%clk 0:08:02]} Be3 {[%clk 0:01:11]} 84. Ra8 {[%clk 0:08:26]} f5
{[%clk 0:01:05]} 85. gxf5 {[%clk 0:08:03]} exf5 {[%clk 0:01:28]} 86. Bd3
{[%clk 0:08:27]} Bd4 {[%clk 0:00:54]} 87. Ra6+ {[%clk 0:08:36]} Kh7
{[%clk 0:01:17]} 88. Rd6 {[%clk 0:08:11]} Bc3 {[%clk 0:01:20]} 89. Rc6
{[%clk 0:08:26]} Bd4 {[%clk 0:01:36]} 90. Kg3 {[%clk 0:08:36]} Be5+
{[%clk 0:01:48]} 91. Kf2 {[%clk 0:08:57]} Bd4+ {[%clk 0:01:36]} 92. Ke2
{[%clk 0:09:19]} Bb2 {[%clk 0:00:41]} 93. Ke3 {[%clk 0:09:37]} Be5
{[%clk 0:00:34]} 94. Rc5 {[%clk 0:09:51]} Bg3 {[%clk 0:00:33]} 95. Bxf5+
{[%clk 0:10:13]} Kg8 {[%clk 0:00:52]} 96. Bg6 {[%clk 0:10:31]} Bf4+
{[%clk 0:00:36]} 97. Ke4 1-0

[Event "EYCC 2024 - O14"]
[Site "?"]
[Date "2024.08.23"]
[Round "2.6"]
[White "Mahmudzade, Yunis"]
[Black "Kutanjac, Aleksandar"]
[Result "1-0"]
[BlackElo "2146"]
[WhiteElo "1962"]
[LiveChessVersion "1.4.8"]

1. d4 {[%clk 1:30:54]} d5 {[%clk 1:30:56]} 2. Nf3 {[%clk 1:31:03]} Nf6
{[%clk 1:31:18]} 3. c4 {[%clk 1:31:14]} c6 {[%clk 1:31:43]} 4. Nc3
{[%clk 1:31:22]} e6 {[%clk 1:32:07]} 5. e3 {[%clk 1:30:37]} Nbd7 {[%clk 1:32:32]}
6. Bd3 {[%clk 1:31:00]} dxc4 {[%clk 1:33:00]} 7. Bxc4 {[%clk 1:31:29]} b5
{[%clk 1:33:21]} 8. Bd3 {[%clk 1:30:38]} Bd6 {[%clk 1:33:44]} 9. O-O
{[%clk 1:30:06]} O-O {[%clk 1:34:09]} 10. Ne4 {[%clk 1:17:21]} Nxe4
{[%clk 1:33:36]} 11. Bxe4 {[%clk 1:17:30]} Bb7 {[%clk 1:34:03]} 12. Qc2
{[%clk 1:15:06]} Nf6 {[%clk 1:34:23]} 13. Bd3 {[%clk 1:15:07]} Qe7
{[%clk 1:32:48]} 14. e4 {[%clk 1:07:40]} e5 {[%clk 1:32:47]} 15. dxe5
{[%clk 0:58:53]} Bxe5 {[%clk 1:32:40]} 16. Be3 {[%clk 0:58:47]} Rfe8
{[%clk 1:08:22]} 17. Bc5 {[%clk 0:57:30]} Qc7 {[%clk 1:00:02]} 18. Nxe5
{[%clk 0:57:00]} Qxe5 {[%clk 0:59:50]} 19. f4 {[%clk 0:57:16]} Qh5
{[%clk 0:57:13]} 20. e5 {[%clk 0:56:35]} Nd7 {[%clk 0:48:46]} 21. Bd6
{[%clk 0:56:55]} h6 {[%clk 0:39:48]} 22. Rae1 {[%clk 0:55:15]} a6
{[%clk 0:35:46]} 23. Re3 {[%clk 0:48:28]} Qh4 {[%clk 0:35:11]} 24. Be4
{[%clk 0:47:23]} Rac8 {[%clk 0:33:25]} 25. Qe2 {[%clk 0:47:21]} Nf8
{[%clk 0:23:50]} 26. f5 {[%clk 0:45:44]} Nh7 {[%clk 0:20:29]} 27. f6
{[%clk 0:45:02]} Ng5 {[%clk 0:18:27]} 28. g3 {[%clk 0:43:46]} Nh3+
{[%clk 0:18:17]} 29. Kg2 {[%clk 0:44:06]} Qg5 {[%clk 0:18:46]} 30. Kxh3
{[%clk 0:44:21]} Rcd8 {[%clk 0:18:56]} 31. Rf5 {[%clk 0:44:23]} Bc8
{[%clk 0:19:07]} 32. g4 {[%clk 0:44:40]} Bxf5 {[%clk 0:16:59]} 33. gxf5
{[%clk 0:45:02]} Rxd6 {[%clk 0:16:12]} 34. exd6 {[%clk 0:45:24]} Qxf6
{[%clk 0:16:21]} 35. d7 {[%clk 0:41:58]} Rd8 {[%clk 0:15:17]} 36. Bxc6
{[%clk 0:41:17]} Kh7 {[%clk 0:11:52]} 37. Qf3 {[%clk 0:40:39]} Qd4
{[%clk 0:09:58]} 38. Re8 {[%clk 0:38:29]} Rxd7 {[%clk 0:10:16]} 39. Bxd7
{[%clk 0:38:56]} Qxd7 {[%clk 0:10:39]} 40. Qe4 {[%clk 0:39:15]} Qd1
{[%clk 0:10:12]} 41. f6+ {[%clk 0:39:41]} g6 {[%clk 0:10:34]} 42. Rh8+
{[%clk 0:40:08]} 1-0

[Event "EYCC 2024 - O14"]
[Site "?"]
[Date "2024.08.23"]
[Round "2.7"]
[White "Tripathi, Pratyush"]
[Black "Beliman, Alexandro"]
[Result "1/2-1/2"]
[BlackElo "2144"]
[WhiteElo "1950"]
[LiveChessVersion "1.4.8"]

1. Nf3 {[%clk 1:30:21]} c5 {[%clk 1:30:50]} 2. b3 {[%clk 1:30:46]} Nc6
{[%clk 1:30:12]} 3. Bb2 {[%clk 1:31:09]} d6 {[%clk 1:29:39]} 4. d4
{[%clk 1:25:04]} cxd4 {[%clk 1:28:36]} 5. Nxd4 {[%clk 1:25:15]} Nf6
{[%clk 1:24:08]} 6. c4 {[%clk 1:23:37]} Bd7 {[%clk 0:57:27]} 7. Nc3
{[%clk 1:19:58]} Nxd4 {[%clk 0:51:14]} 8. Qxd4 {[%clk 1:19:43]} Bc6
{[%clk 0:51:39]} 9. e4 {[%clk 1:16:10]} g6 {[%clk 0:49:32]} 10. Be2
{[%clk 1:16:20]} Bg7 {[%clk 0:49:49]} 11. O-O {[%clk 1:16:22]} O-O
{[%clk 0:50:05]} 12. Nd5 {[%clk 1:11:57]} Bxd5 {[%clk 0:43:12]} 13. exd5
{[%clk 1:12:19]} Ne8 {[%clk 0:43:08]} 14. Qd2 {[%clk 1:12:45]} Bxb2
{[%clk 0:42:19]} 15. Qxb2 {[%clk 1:13:10]} a5 {[%clk 0:40:38]} 16. Rfe1
{[%clk 1:08:04]} Nf6 {[%clk 0:38:03]} 17. Bf3 {[%clk 1:03:27]} Nd7
{[%clk 0:36:28]} 18. Re3 {[%clk 1:00:17]} Ne5 {[%clk 0:29:43]} 19. Rae1
{[%clk 0:59:39]} Qb6 {[%clk 0:28:38]} 20. Qd2 {[%clk 0:51:31]} f5
{[%clk 0:18:09]} 21. Bd1 {[%clk 0:48:15]} f4 {[%clk 0:16:38]} 22. Re4
{[%clk 0:46:07]} Qb4 {[%clk 0:15:17]} 23. Qd4 {[%clk 0:39:22]} Rf7
{[%clk 0:14:14]} 24. Kf1 {[%clk 0:32:20]} b6 {[%clk 0:12:48]} 25. Bc2
{[%clk 0:31:12]} Raf8 {[%clk 0:11:22]} 26. a4 {[%clk 0:30:13]} Qc5
{[%clk 0:07:21]} 27. Qd2 {[%clk 0:30:10]} Kg7 {[%clk 0:05:55]} 28. Qc3
{[%clk 0:27:35]} Kg8 {[%clk 0:03:17]} 29. Qb2 {[%clk 0:27:13]} g5
{[%clk 0:01:30]} 30. Qc3 {[%clk 0:23:55]} f3 {[%clk 0:01:09]} 31. g3
{[%clk 0:24:19]} Qc8 {[%clk 0:01:31]} 32. g4 {[%clk 0:23:52]} Rf4
{[%clk 0:00:44]} 33. h3 {[%clk 0:23:20]} h6 {[%clk 0:00:41]} 34. Qe3
{[%clk 0:22:36]} Qc7 {[%clk 0:00:38]} 1/2-1/2

[Event "EYCC 2024 - O14"]
[Site "?"]
[Date "2024.08.23"]
[Round "2.9"]
[White "Myagmarsuren, Evsuld"]
[Black "Boff, Ondrej"]
[Result "1-0"]
[BlackElo "1948"]
[WhiteElo "2142"]
[LiveChessVersion "1.4.8"]

1. e4 {[%clk 1:30:58]} c5 {[%clk 1:30:51]} 2. Nf3 {[%clk 1:31:11]} Nc6
{[%clk 1:30:57]} 3. d4 {[%clk 1:31:30]} cxd4 {[%clk 1:31:15]} 4. Nxd4
{[%clk 1:31:56]} e5 {[%clk 1:31:18]} 5. Nb5 {[%clk 1:32:23]} d6 {[%clk 1:31:08]}
6. N1c3 {[%clk 1:32:47]} a6 {[%clk 1:31:03]} 7. Na3 {[%clk 1:33:11]} Be7
{[%clk 1:31:02]} 8. Be3 {[%clk 1:33:26]} Nf6 {[%clk 1:30:36]} 9. Nc4
{[%clk 1:33:44]} b5 {[%clk 1:29:33]} 10. Nb6 {[%clk 1:33:57]} Rb8
{[%clk 1:28:59]} 11. Nxc8 {[%clk 1:34:21]} Rxc8 {[%clk 1:27:22]} 12. a4
{[%clk 1:34:45]} b4 {[%clk 1:10:00]} 13. Nd5 {[%clk 1:35:10]} Nxd5
{[%clk 0:59:46]} 14. exd5 {[%clk 1:34:15]} Nb8 {[%clk 0:58:33]} 15. a5
{[%clk 1:33:32]} Bg5 {[%clk 0:37:42]} 16. Bb6 {[%clk 1:26:47]} Qe7
{[%clk 0:36:01]} 17. Be2 {[%clk 1:21:25]} O-O {[%clk 0:32:58]} 18. Ra4
{[%clk 1:19:10]} b3 {[%clk 0:12:23]} 19. c3 {[%clk 1:18:53]} f5 {[%clk 0:09:17]}
20. Qxb3 {[%clk 1:16:09]} e4 {[%clk 0:07:12]} 21. O-O {[%clk 1:13:20]} e3
{[%clk 0:05:03]} 22. f4 {[%clk 1:12:40]} Bh4 {[%clk 0:01:41]} 23. g3
{[%clk 1:12:39]} Rf6 {[%clk 0:01:07]} 24. Rc4 {[%clk 1:09:10]} Rxc4
{[%clk 0:00:37]} 25. Qxc4 {[%clk 1:09:33]} Rg6 {[%clk 0:00:36]} 26. Qc8+
{[%clk 1:07:56]} Kf7 {[%clk 0:00:43]} 27. Rf3 {[%clk 1:07:13]} Qe4
{[%clk 0:00:35]} 28. Rxe3 {[%clk 1:06:33]} Qxf4 {[%clk 0:00:34]} 29. Qe8+
{[%clk 1:06:55]} 1-0